00585nam a22001697a 4500003000900000008004100009040007100050082002000121100003100141245005800172260004400230300002600274505003500300650002100335650002500356650003400381AR-CdUCM190308b ||||| |||| 00| 0 spa d aMUNICIPALIDAD PROVINCIAL DEL CUSCOcBIBLIOTECA MUNICIPAL DEL CUSCO a869.5038 /bV37 aVegas Seminario, Francisco aBajo el signo de la mariscala :bNovela histórica / aLima :bEditorial Tawantinsuyu, c1960. a247 paginas ;c16 cm. aContenido :Novela histórica. aNovelas peruanas aNovelas históricas aPrimer militarismo, 1825-1835